| 000 | 01125nam a2200277Ia 4500 | ||
|---|---|---|---|
| 003 | OSt | ||
| 005 | 20200930132920.0 | ||
| 008 | 191128s2009 ck a grb 000 0 spa d | ||
| 020 | _a9789588471310 | ||
| 040 |
_aCO-JMCR _cCO-JMCR |
||
| 041 | 0 | _aspa | |
| 082 | 0 | 4 |
_a923.2861 / _bR666v _223 |
| 100 | 1 |
_aRobledo, Beatriz Helena, _eautora _99479 |
|
| 245 | 1 | 1 |
_a¡Viva la Pola! : _bbiografía de Policarpa Salabarrieta / _cBeatriz Helena Robledo ; ilustrado por Olga Cuéllar |
| 250 | _aPrimera edición | ||
| 260 |
_aBogotá : _bAlcaldía Mayor de Bogotá, _c2009 |
||
| 300 |
_a[88] páginas : _bilustraciones a blanco y negro ; _c17 cm. |
||
| 490 | 0 | _aLibro al viento | |
| 500 | _aIncluye notas a pie de páginas. | ||
| 504 | _aBibliografía: páginas [85-86] | ||
| 505 | 0 | _aInfancia y adolescencia -- La modista en Santafé -- La insurgente, la espía, la revolucionaria -- Bibliografía | |
| 600 | 1 |
_aSalavarrieta, Policarpa, _d1795-1817 _vbiografías _911017 |
|
| 650 | 1 | 4 |
_aBiografías mujeres en la independencia _xbiografías _zColombia _911018 |
| 700 | 1 |
_aCuéllar, Olga, _eilustradora _91085 |
|
| 942 |
_2ddc _cBK |
||
| 999 |
_c4161 _d4161 |
||